000 00354nam a2200145Ia 4500
008 210210b2001 xxu||||| |||| 00| 0 eng d
082 _a154.63 NICD
100 _aNICOLL (Maurice).
245 _aDream Psychology.
260 _aDelhi.
_bSurjeet Publications.,
_c2001
300 _aix,194
650 _aDreams
690 _aPsychology
906 _a056665
999 _c104343
_d104343